Manual completo de la poda y de los injertos /

Guardado en:
Autor Principal: Brunelli, Massimo.
Formato: Libro
Idioma:Spanish
Publicado: Barcelona : De Vecchi, 1984
Etiquetas: Agregar Etiqueta
Sin Etiquetas, Sea el primero en etiquetar este registro!
LEADER 00497nam a22001575a 4500
001 EEA.libagro005997
005 20161007101058.0
008 130809s1984####sp#a##########000#0#spa#d
020 |a 8431521333 
082 0 4 |a 634.044 
082 0 4 |a 631.54 
100 1 |a Brunelli, Massimo. 
245 1 0 |a Manual completo de la poda y de los injertos /  |c Massimo Brunelli. 
260 |a Barcelona :  |b De Vecchi,  |c 1984  |g (1996 reimp.) 
300 |a 190 p. :  |b il. ;  |c 21 cm. 
859 |a AR-BbBCA  |b BIB. AGRONOMIA  |h 634.044  |i B894  |p 1998/3356